Catálogo

MUERTE A FILO DE OBSIDIANA : (Registro nro. 1962)

Detalles MARC
000 -LEADER
fixed length control field 00475nam a2200157 a 4500
001 - CONTROL NUMBER
control field 1962
005 - DATE AND TIME OF LATEST TRANSACTION
control field 20180713181958.0
008 - FIXED-LENGTH DATA ELEMENTS--GENERAL INFORMATION
fixed length control field 140415s1975 mx 000 0 spa d
041 ## - LANGUAGE CODE
Language code of text/sound track or separate title spa
082 ## - DEWEY DECIMAL CLASSIFICATION NUMBER
Classification number 306.08997452
Item number MAT
100 1# - MAIN ENTRY--PERSONAL NAME
Personal name Matos Moctezuma, Eduardo.
245 10 - TITLE STATEMENT
Title MUERTE A FILO DE OBSIDIANA :
Remainder of title LOS NAHUAS FRETE A LA MUERTE
260 ## - PUBLICATION, DISTRIBUTION, ETC.
Place of publication, distribution, etc. MEXICO :
Name of publisher, distributor, etc. SECRETARIA DE EDUCACION PUBLICA,
Date of publication, distribution, etc. 1975
300 ## - PHYSICAL DESCRIPTION
Extent 159
Dimensions 11.3 x 1.5 x 17.2
650 14 - SUBJECT ADDED ENTRY--TOPICAL TERM
Topical term or geographic name entry element MITOLOGIA
Existencias
Withdrawn status Lost status Source of classification or shelving scheme Damaged status Not for loan Collection code Home library Current library Shelving location Date acquired Source of acquisition Inventory number Total Checkouts Full call number Barcode Date last seen Date last checked out Price effective from Koha item type
    Dewey Decimal Classification     General Biblioteca Karol Wojtyla Biblioteca Karol Wojtyla Sala general 03/12/2013 Compra 151000000000000000053733   306.08997452 MAT 1975 1253 05/01/2026 10/10/2016 25/05/2015 Libro